|
|
|
|
| LEADER |
03150nam a2200745 i 4500 |
| 001 |
nkc20203242063 |
| 003 |
CZ PrNK |
| 005 |
20251204104123.0 |
| 007 |
ta |
| 008 |
200813s2019 xr ach e f 000 0 cze |
| 015 |
|
|
|a cnb003242063
|
| 020 |
|
|
|a 978-80-7535-110-4
|q (brožováno) :
|c neprodejné
|
| 035 |
|
|
|a (OCoLC)1204253606
|
| 040 |
|
|
|a OLA001
|b cze
|e rda
|
| 043 |
|
|
|a e-cs---
|a e-gx---
|a e-pl---
|a e-xr---
|b e-xr-cc
|2 czenas
|
| 045 |
|
|
|a x1x4
|
| 072 |
|
7 |
|a 355/359
|x Vojenství. Obrana země. Ozbrojené síly
|2 Konspekt
|9 15
|
| 080 |
|
|
|a 355.1
|2 MRF
|
| 080 |
|
|
|a 355.31
|2 MRF
|
| 080 |
|
|
|a 355.457
|2 MRF
|
| 080 |
|
|
|a 623.1(437)"1935/1938"
|2 MRF
|
| 080 |
|
|
|a (437)
|2 MRF
|
| 080 |
|
|
|a (430)
|2 MRF
|
| 080 |
|
|
|a (437.31-17)
|2 MRF
|
| 080 |
|
|
|a (036)
|2 MRF
|
| 100 |
1 |
|
|a Fuksa, Ivan,
|d 1988-
|7 pna2017938225
|4 aut
|
| 245 |
1 |
0 |
|a Vojenská historie Krkonoš v letech 1918-1945 /
|c text: Ivan Fuksa, Jan Juřena, Jiří Kratochvíl, Jakub Mikolášek, Tomáš Pilvousek, Ondřej Vašata
|
| 264 |
|
1 |
|a Vrchlabí :
|b Správa Krkonošského národního parku,
|c 2019
|
| 300 |
|
|
|a 48 stran :
|b ilustrace (některé barevné), portréty, 1 faksimile ;
|c 21 cm
|
| 336 |
|
|
|a text
|b txt
|2 rdacontent
|
| 336 |
|
|
|a statický obraz
|b sti
|2 rdacontent
|
| 337 |
|
|
|a bez média
|b n
|2 rdamedia
|
| 338 |
|
|
|a svazek
|b nc
|2 rdacarrier
|
| 500 |
|
|
|a Název z obálky
|
| 504 |
|
|
|a Obsahuje bibliografii
|
| 610 |
1 |
7 |
|a Československo.
|b Armáda
|7 kn20020514002
|2 czenas
|
| 610 |
1 |
7 |
|a Německo.
|b Wehrmacht
|7 kn20020423007
|2 czenas
|
| 648 |
|
7 |
|a 1938
|7 ch460651
|2 czenas
|
| 648 |
|
7 |
|a 1918-1938
|7 ch460648
|2 czenas
|
| 648 |
|
7 |
|a 1918-1945
|7 ch460650
|2 czenas
|
| 648 |
|
7 |
|a 1939-1945
|7 ch460653
|2 czenas
|
| 650 |
0 |
7 |
|a ozbrojené síly
|7 ph123886
|z Československo
|y 1918-1938
|2 czenas
|
| 650 |
0 |
7 |
|a ozbrojené síly
|7 ph123886
|z Německo
|y 1939-1945
|2 czenas
|
| 650 |
0 |
7 |
|a vojenské jednotky
|7 ph871009
|z Československo
|y 1918-1938
|2 czenas
|
| 650 |
0 |
7 |
|a ochrana státní hranice
|7 ph139179
|z Československo
|y 1938
|2 czenas
|
| 650 |
0 |
7 |
|a opevnění Československa (1935-1938)
|7 ph500508
|2 czenas
|
| 650 |
0 |
9 |
|a armed forces
|z Czechoslovakia
|y 1918-1938
|2 eczenas
|
| 650 |
0 |
9 |
|a armed forces
|z Germany
|y 1939-1945
|2 eczenas
|
| 650 |
0 |
9 |
|a military units
|z Czechoslovakia
|y 1918-1938
|2 eczenas
|
| 650 |
0 |
9 |
|a defence of state boundary
|z Czechoslovakia
|y 1938
|2 eczenas
|
| 650 |
0 |
9 |
|a Czechoslovak fortification (1935-1938)
|2 eczenas
|
| 651 |
|
7 |
|a Krkonoše (Česko a Polsko : pohoří)
|7 ge134289
|2 czenas
|
| 651 |
|
9 |
|a Krkonoše Mountains (Czechia and Poland)
|2 eczenas
|
| 655 |
|
7 |
|a informační publikace
|7 fd132454
|2 czenas
|
| 655 |
|
9 |
|a information publications
|2 eczenas
|
| 700 |
1 |
|
|a Juřena, Jan,
|d 1984-
|7 mzk2006354271
|4 aut
|
| 700 |
1 |
|
|a Kratochvíl, Jiří,
|d 1986-
|7 hka2017971765
|4 aut
|
| 700 |
1 |
|
|a Mikolášek, Jakub,
|d 1985-
|7 mzk2006354272
|4 aut
|
| 700 |
1 |
|
|a Pilvousek, Tomáš,
|d 1979-
|7 mzk2006354273
|4 aut
|
| 700 |
1 |
|
|a Vašata, Ondřej,
|d 1980-
|7 xx0030406
|4 aut
|
| 910 |
2 |
|
|a BOA001
|b 2-1454.414
|
| 990 |
|
|
|a BK
|
| 995 |
|
|
|a 01
|
| 991 |
|
|
|b 202010
|c NOV
|
| 996 |
6 |
|
|b 2610840387
|c 2-1454.414
|l MZK
|r Sklad / do 1 hodiny
|n 0
|p p.v.
|w 001828810
|u 000010
|a 1
|e BOA001
|j MZK50
|s P
|